Estadísticas para Trofeo Pichichi España Top Scorers La Liga Spain

Haz click aquí para intentar la prueba.

Estadísticas generales

  • Esta prueba ha sido intentada 463 veces
  • La puntuación promedio es 21 de 34

Estadísticas de respuestas

AñoJugadorPaísEquipoGoles% Correcto
2009–10Lionel Messi  ARG (09)FC Barcelona (11)34
100%
2011–12Lionel Messi (2) ARG (10)FC Barcelona (12)50
100%
2012–13Lionel Messi (3) ARG (11)FC Barcelona (13)45
100%
2010–11Cristiano Ronaldo (1) POR (1)Real Madrid CF (25)41
99%
2013–14Cristiano Ronaldo (2) POR (2)Real Madrid CF (26)31
99%
2014–15Cristiano Ronaldo (3) POR (3)Real Madrid CF (27)48
99%
1996–97Ronaldo (1) BRA (5)FC Barcelona (09)34
95%
2003–04Ronaldo (2) BRA (6)Real Madrid CF (23)24
95%
2004–05Diego Forlán (1)27 URU (3)Villarreal CF25
88%
2008–09Diego Forlán (2) URU (3)Atlético de Madrid (10)32
88%
1998–99Raúl González (1) ESP (47)Real Madrid CF (21)25
86%
2000–01Raúl González (2) ESP (49)Real Madrid CF (22)24
86%
2005–06Samuel Eto'o CMR (1)FC Barcelona (10)26
86%
1984–85Hugo Sánchez (1) MEX (1)Atlético de Madrid (06)19
73%
1985–86Hugo Sánchez (2) MEX (2)Real Madrid CF (15)22
73%
1986–87Hugo Sánchez (3) MEX (3)Real Madrid CF (16)34
73%
1987–88Hugo Sánchez (4) MEX (4)Real Madrid CF (17)29
73%
1989–90Hugo Sánchez (5) MEX (5)Real Madrid CF (18)38
73%
2006–07Ruud van Nistelrooy NED (2)Real Madrid CF (24)25
68%
1993–94Romário BRA (4)FC Barcelona (08)30
61%
2007–08Dani Güiza ESP (51)RCD Mallorca27
53%
1990–91Emilio Butragueño ESP (45)Real Madrid CF (19)19
52%
2002–03Roy Makaay NED (1)Deportivo La Coruña (3)29
47%
1992–93Bebeto BRA (3)Deportivo La Coruña (1)29
46%
1994–95Iván Zamorano CHI (1)Real Madrid CF (20)28
42%
1997–98Christian Vieri ITA (1)Atlético de Madrid (09)24
41%
2001–02Diego Tristán ESP (50)Deportivo La Coruña (2)21
36%
1999–00Salva Ballesta ESP (48)Racing de Santander27
24%
1983–84Juan Gómez, 'Juanito' ESP (44)Real Madrid CF (14)17
19%
1982–83Poli Rincón ESP (43)Real Betis Balompié20
17%
1991–92Manuel Sánchez, 'Manolo' ESP (46)Atlético de Madrid (08)27
13%
1988–89Baltazar BRA (2)Atlético de Madrid (07)35
11%
1995–96Juan Antonio Pizzi ARG (08)CD Tenerife31
11%
1983–84Jorge da Silva URU (1)Real Valladolid CF (2)17
4%

Distribución de puntuación

Porcentaje por número respondido

Porcentaje de gente con cada puntuación

Historial de tus puntuaciones

No has intentado esta prueba.